Internetworking with TCP/IP (Record no. 2153)

000 -LEADER
fixed length control field 00636nam a2200229 a 4500
001 - CONTROL NUMBER
control field 2153
003 - CONTROL NUMBER IDENTIFIER
control field BD-DhUET
008 - FIXED-LENGTH DATA ELEMENTS--GENERAL INFORMATION
fixed length control field 950210m19951999njua b 001 0 eng
020 ## - INTERNATIONAL STANDARD BOOK NUMBER
International Standard Book Number 8120322851
040 ## - CATALOGING SOURCE
Original cataloging agency DLC
Transcribing agency DLC
Modifying agency BD-DhUET
082 00 - DEWEY DECIMAL CLASSIFICATION NUMBER
Classification number 004.62
Item number COM/1999
100 1# - MAIN ENTRY--PERSONAL NAME
Personal name Comer, Douglas.
245 10 - TITLE STATEMENT
Title Internetworking with TCP/IP
250 ## - EDITION STATEMENT
Edition statement 3rd ed.
260 ## - PUBLICATION, DISTRIBUTION, ETC. (IMPRINT)
Place of publication, distribution, etc. New Delhi
Name of publisher, distributor, etc. Prentice-Hall
Date of publication, distribution, etc. 1999
300 ## - PHYSICAL DESCRIPTION
Extent xxi,660p.
Other physical details ill.
Dimensions 24 cm.
500 ## - GENERAL NOTE
General note Volume- II : Design, implementation, and internals
504 ## - BIBLIOGRAPHY, ETC. NOTE
Bibliography, etc Includes bibliographies
650 #0 - SUBJECT ADDED ENTRY--TOPICAL TERM
Topical term or geographic name as entry element Computer networking-Protocols
700 ## - ADDED ENTRY--PERSONAL NAME
Personal name Stevens, David L.
942 ## - ADDED ENTRY ELEMENTS (KOHA)
Koha item type General Book
Holdings
Koha full call number Withdrawn status Location (home branch) Koha date last seen Piece designation (barcode) Koha normalized classification for sorting Lost status Not for loan Damaged status Price effective from Date acquired Copy number Source of classification or shelving scheme Shelving location Sublocation or collection (holding branch) Koha item type
004.62/COM/1995 Central Library, BUET2014-09-20101260004_620000000000000_COM_1995   2014-09-202014-09-201 Circulation sectionCentral Library, BUETGeneral Book
004.62/COM/1999 Central Library, BUET2014-10-22101259004_620000000000000_COM_1999   2014-10-222014-10-222 Circulation sectionCentral Library, BUETGeneral Book
004.62/COM/1999 Central Library, BUET2015-06-0699962004_620000000000000_COM_1999   2015-06-062015-06-063 Reading sectionCentral Library, BUETGeneral Book